000 01183 a2200253 4500
001 45897
005 20260407155731.0
008 260407a1999 arg spa d
003 AR-UNSa-BCEJYS
040 _aAR-UNSa-BCEJYS
_bspa
_cAR-UNSa-BCEJYS
080 _a369
_xSeguridad social
245 1 0 _aAncianidad y pobreza en el mundo en desarrollo
_plas villas miserias de Buenos Aires
020 _a84-95294-00-1
250 _a2a. ed.
264 1 _aBuenos Aires :
_bMiño y Dávila
_c1999
300 _a381 p.
_c20 cm.
505 _a1. Ancianidad y bienestar económico en el mundo en desarrollo – 2. Envejecimiento y pobreza en Argentina – 3. La seguridad social y otras estrategias de ingreso a disposición de los ancianos en Buenos Aires – 4. Los casos de estudio: características generales e iniciativas locales para los ancianos – 5. Los casos de estudio: estrategias individuales – 6. Conclusiones -
041 _aspa
942 _cBK
590 _aniveau_biblio:m niveau_hierar:0
100 1 _aLaclau, Soledad
700 1 _aLloyd-Sherlock, Peter G.
856 4 1 _uhttps://www.biblioeco.unsa.edu.ar/pmb/images/libros/L127224.jpg
_yImagen de portada
_qimage/jpeg
999 _c4061
_d4061